00683cam a2200229 a 45000010009000000050017000090080041000260100017000670200031000840200028001150350024001430350039001670400054002060410008002600430012002680800020002800820024003001000007003241010008003312450050003395040064003891502636720180112065045.0070928s2007 nyuaf b 001 0 eng  a 2007040287 a9780743280754 (alk. paper) a074328075X (alk. paper) a(OCoLC)ocn173748598 a(OCoLC)173748598z(OCoLC)153578751 aDLCcDLCdBAKERdYDXCPdBTCTAdJEDdC#PdVP@dDLC aeng an-us--- a973.931092 CRA00a973.931092 CRA2221 a20 aPOL14aThe fall of the house of Bush :cCraig Unger. aIncludes bibliographical references (p. 407-416) and index.